D'un chateau a l'autre / (Record no. 80735)

MARC details
000 -LEADER
campo de control de longitud fija 00795cam a2200289Ma 4500
001 - NÚMERO DE CONTROL
campo de control 91285
005 - FECHA Y HORA DE LA ÚLTIMA TRANSACCIÓN
campo de control 20230410130815.0
008 - DATOS DE LONGITUD FIJA--INFORMACIÓN GENERAL
campo de control de longitud fija 810220s1957 fr 000 1 fre d
035 ## - NÚMERO DE CONTROL DEL SISTEMA
Número de control de sistema (OCoLC)ocn225093636
040 ## - FUENTE DE CATALOGACIÓN
Centro catalogador/agencia de origen AU@
Centro/agencia transcriptor AU@
Centro/agencia modificador OCLCG
029 0# - OTRO NÚMERO DE CONTROL DE SISTEMA (OCLC)
Identificador de la biblioteca OCLC AU@
Número de control de sistema 000040260656
035 ## - NÚMERO DE CONTROL DEL SISTEMA
Número de control de sistema (OCoLC)225093636
050 14 - SIGNATURA TOPOGRÁFICA DE LA BIBLIOTECA DEL CONGRESO
Número de clasificación PQ 2607
Número de ítem C392d 1957
082 00 - NÚMERO DE LA CLASIFICACIÓN DECIMAL DEWEY
Número de clasificación 843.912
100 1# - ENTRADA PRINCIPAL--NOMBRE DE PERSONA
Nombre de persona Céline, Louis-Ferdinand,
Fechas asociadas al nombre 1894-1961.
245 10 - MENCIÓN DEL TÍTULO
Título D'un chateau a l'autre /
Mención de responsabilidad, etc. Louis Ferdinand Céline.
260 ## - PUBLICACIÓN, DISTRIBUCIÓN, ETC.
Lugar de publicación, distribución, etc. Paris :
Nombre del editor, distribuidor, etc. Gallimard,
Fecha de publicación, distribución, etc. 1957.
300 ## - DESCRIPCIÓN FÍSICA
Extensión 443p. ;
Dimensiones 18cm.
440 #0 - MENCIÓN DE SERIE/PUNTO DE ACCESO ADICIONAL--TÍTULO
Título Le Livre de Pouche
-- 7 61/ 762
500 ## - NOTA GENERAL
Nota general Texte Integral
650 #0 - PUNTO DE ACCESO ADICIONAL DE MATERIA--TÉRMINO DE MATERIA
Término de materia o nombre geográfico como elemento de entrada French fiction.
650 #4 - PUNTO DE ACCESO ADICIONAL DE MATERIA--TÉRMINO DE MATERIA
Término de materia o nombre geográfico como elemento de entrada CES
650 #4 - PUNTO DE ACCESO ADICIONAL DE MATERIA--TÉRMINO DE MATERIA
Término de materia o nombre geográfico como elemento de entrada Colección Enriquillo Sánchez.
942 ## - ELEMENTOS DE ENTRADA SECUNDARIOS (KOHA)
Fuente del sistema de clasificación o colocación Clasificación de Library of Congress
Tipo de ítem Koha
946 ## - PROCESAMIENTO DE INFORMACIÓN LOCAL (OCLC)
a mjcruz
994 ## -
-- C0
-- DRFGD
Holdings
Estatus retirado Estado de pérdida Fuente del sistema de clasificación o colocación Estado de daño No para préstamo Colección Biblioteca de origen Biblioteca actual Ubicación en estantería Fecha de adquisición Serial enumeration / chronology Signatura topográfica completa Código de barras Visto por última vez Copia número Tipo de ítem Koha
    Clasificación de Library of Congress     Humanidades Biblioteca Juan Bosch Biblioteca Juan Bosch Humanidades (4to. Piso) 10/04/2023 1 PQ 2607 C392d 1957 00000085017 25/10/2018 1